Музыкальная энциклопедия: в 6 т.

Xehetasun bibliografikoak
Beste egile batzuk: Келдыш Ю. В.
Hizkuntza:errusiera
Argitaratua: Москва, Советская энциклопедия, 1973-1981
Saila:Энциклопедии. Словари. Справочники
Formatua: MixedMaterials Liburua
KOHA link:https://koha.lib.tpu.ru/cgi-bin/koha/opac-detail.pl?biblionumber=92490

MARC

LEADER 00000nam1a2200000 4500
001 92490
005 20231031104700.0
035 |a (RuTPU)RU\TPU\book\99095 
090 |a 92490 
100 |a 20060314d1973 ekmy0rusy50 ca 
101 0 |a rus 
102 |a RU 
200 1 |a Музыкальная энциклопедия  |e в 6 т.  |f гл. ред. Ю. В. Келдыш 
210 |a Москва  |c Советская энциклопедия  |d 1973-1981 
225 1 |a Энциклопедии. Словари. Справочники 
702 1 |a Келдыш  |b Ю. В.  |4 651 
801 1 |a RU  |b 63413507  |c 20060314  |g PSBO 
801 2 |a RU  |b 63413507  |c 20120706  |g PSBO 
942 |c BK